[Event "Barcelona Sant Marti op 11th"]
[Site "Barcelona"]
[Date "2024.02.08"]
[Round "5"]
[White "Martimpe Burgues, Xavier"]
[Black "Menbrive Hernandez, Juan"]
[Result "1-0"]
[WhiteElo "1078"]
[BlackElo "1315"]
[PlyCount "85"]
[EventDate "2024.01.11"]
[EventType "swiss"]
[EventRounds "9"]
[EventCountry "ESP"]
[SourceTitle "CB11_2024"]
[SourceDate "2024.03.13"]
[SourceVersion "1"]
[SourceVersionDate "2024.03.13"]
[SourceQuality "1"]

1. e4 g6 2. Nf3 Bg7 3. Bc4 Nf6 4. Nc3 Nc6 5. d3 e6 6. Bg5 Na5 7. e5 Nxc4 8. dxc4 h6 9. Bxf6 Bxf6 10. exf6 Qxf6 11. Qd4 e5 12. Qxe5+ Qxe5+ 13. Nxe5 0-0 14. 0-0 d6 15. Nf3 b6 16. Nd5 c6 17. Ne7+ Kg7 18. Nxc6 Bb7 19. Ncd4 Rac8 20. b3 Ba6 21. Rfe1 Bb7 22. Nb5 Bxf3 23. gxf3 a6 24. Nxd6 Rcd8 25. Rad1 Rd7 26. Nf5+ gxf5 27. Rxd7 b5 28. c5 Rc8 29. Re5 Kf6 30. Ree7 Rxc5 31. Rxf7+ Kg5 32. Rg7+ Kh4 33. Rd4+ Kh5 34. Kg2 Rc6 35. Kh3 Rg6 36. Rxg6 Kxg6 37. Rd6+ Kg5 38. Rxa6 h5 39. c4 bxc4 40. bxc4 f4 41. c5 h4 42. c6 Kh5 43. c7 1-0

[Event "Barcelona Sant Marti op 10th"]
[Site "Barcelona"]
[Date "2023.02.16"]
[Round "6"]
[White "Orts Gonzalez, Rafael"]
[Black "Martimpe Burgues, Xavier"]
[Result "1/2-1/2"]
[WhiteElo "1128"]
[BlackElo "1113"]
[PlyCount "63"]
[EventDate "2023.01.12"]
[EventType "swiss"]
[EventRounds "9"]
[EventCountry "ESP"]
[SourceTitle "CBM 213 Extra"]
[Source "ChessBase"]
[SourceDate "2023.05.31"]
[SourceVersion "1"]
[SourceVersionDate "2023.05.31"]
[SourceQuality "1"]

1. e4 e5 2. Bc4 Nf6 3. d3 Bc5 4. Nf3 Nc6 5. 0-0 d6 6. h3 a6 7. a3 b5 8. Ba2 0-0 9. c3 Qe7 10. a4 Be6 11. b3 bxa4 12. bxa4 Rab8 13. Nbd2 Nh5 14. d4 Ba7 15. g4 Nf4 16. Kh2 exd4 17. cxd4 Bxd4 18. Nxd4 Qh4 19. Qf3 Qxh3+ 20. Qxh3 Nxh3 21. Kxh3 Nxd4 22. Bxe6 Nxe6 23. f3 Rfe8 24. Ba3 c5 25. Nc4 Red8 26. e5 d5 27. Na5 Rbc8 28. Rfb1 d4 29. Rb7 d3 30. Nc4 d2 31. Rd1 Rd3 32. Rxd2 1/2-1/2

[Event "Barcelona Sant Marti op 7th"]
[Site "Barcelona"]
[Date "2018.01.25"]
[Round "3"]
[White "Peris Morte, Joaquin"]
[Black "Martimpe Burgues, Xavier"]
[Result "1-0"]
[WhiteElo "1763"]
[BlackElo "1174"]
[PlyCount "29"]
[EventDate "2018.01.11"]
[EventType "swiss"]
[EventRounds "9"]
[EventCountry "ESP"]
[SourceTitle "EXT 2019"]
[Source "ChessBase"]
[SourceDate "2018.10.10"]
[SourceVersion "1"]
[SourceVersionDate "2018.10.10"]
[SourceQuality "1"]

1. e4 e5 2. d4 exd4 3. Nf3 Nc6 4. Bc4 Bc5 5. c3 dxc3 6. Nxc3 Bb4 7. 0-0 Nf6 8. e5 Bxc3 9. bxc3 Ne4 10. Qd5 0-0 11. Qxe4 Qe7 12. Bd3 g6 13. Bg5 Qc5 14. Bf6 d6 15. Qf4 1-0

[Event "Barcelona Sant Marti op-B 18th"]
[Site "Barcelona"]
[Date "2016.07.15"]
[Round "3.63"]
[White "Martinez Navarro, Miquel"]
[Black "Martimpe Burgues, Xavier"]
[Result "1-0"]
[WhiteElo "1587"]
[BlackElo "1219"]
[PlyCount "75"]
[EventDate "2016.07.13"]
[EventType "swiss"]
[EventRounds "9"]
[EventCountry "ESP"]
[SourceTitle "EXT 2024"]
[Source "ChessBase"]
[SourceDate "2023.10.10"]
[SourceVersion "1"]
[SourceVersionDate "2023.10.10"]
[SourceQuality "1"]

1. e4 e5 2. Nf3 Nc6 3. Bc4 d6 4. a3 Bg4 5. h3 Bh5 6. c3 Nf6 7. d3 d5 8. exd5 Nxd5 9. 0-0 Bc5 10. b4 Be7 11. Re1 0-0 12. g4 Bg6 13. Nxe5 Qd6 14. Nxc6 bxc6 15. Qf3 Bh4 16. Ra2 Nf6 17. Bf4 Qd7 18. Rae2 h5 19. Re7 hxg4 20. Rxd7 gxf3 21. Rd4 Rfe8 22. Be3 a5 23. Rxh4 Re5 24. Nd2 Bh5 25. d4 Rf5 26. Bd3 Rd5 27. Be4 Rd6 28. Bxf3 Bg6 29. Bf4 Rd7 30. Bxc6 Rdd8 31. Bxa8 Rxa8 32. Bxc7 axb4 33. axb4 Nd5 34. Bd6 Nxc3 35. Bc5 Bd3 36. Re3 Ra1+ 37. Kg2 g5 38. Rxd3 1-0

[Event "Sant Adria de Besos op 12th"]
[Site "Sant Adria de Besos"]
[Date "2016.04.10"]
[Round "1"]
[White "Martimpe Burgues, Xavier"]
[Black "Varela Cuadrado, Cesar M"]
[Result "0-1"]
[WhiteElo "1588"]
[BlackElo "1936"]
[PlyCount "96"]
[EventDate "2016.04.10"]
[EventType "swiss"]
[EventRounds "9"]
[EventCountry "ESP"]
[SourceTitle "EXT 2017"]
[Source "ChessBase"]
[SourceDate "2016.10.25"]
[SourceVersion "1"]
[SourceVersionDate "2016.10.25"]
[SourceQuality "1"]

1. e4 d6 2. d4 Nf6 3. Bd3 g6 4. Nf3 Bg7 5. Nc3 c6 6. 0-0 0-0 7. h3 b5 8. a3 Nbd7 9. b4 Nb6 10. Bg5 a6 11. Re1 Be6 12. e5 Nfd5 13. Ne4 Qd7 14. exd6 exd6 15. Qd2 f5 16. Nc3 Nxc3 17. Qxc3 h6 18. Be3 f4 19. Bc1 g5 20. Be4 Rac8 21. Bb2 Na4 22. Qd3 Nxb2 23. Bh7+ Kh8 24. Qg6 Bf5 25. Qh5 Bxh7 26. Re2 Rce8 27. Rd2 Nc4 28. Rdd1 Qf5 29. Re1 Bg6 30. Qg4 Qxg4 31. hxg4 Bxc2 32. Rac1 Be4 33. a4 Bxf3 34. Rxe8 Rxe8 35. gxf3 Bxd4 36. axb5 axb5 37. Rd1 Re2 38. Rxd4 Re1+ 39. Kg2 d5 40. Rd3 Rb1 41. Rc3 Rxb4 42. Rc1 Rb3 43. Rh1 Kg7 44. Re1 Kf7 45. Rh1 Kg6 46. Re1 Kf7 47. Ra1 Ne5 48. Ra6 Rxf3 0-1

[Event "Barcelona Sant Marti op-B 17th"]
[Site "Barcelona"]
[Date "2015.07.19"]
[Round "7"]
[White "Porta Chicote, David"]
[Black "Martimpe Burgues, Xavier"]
[Result "1-0"]
[WhiteElo "1753"]
[BlackElo "1611"]
[PlyCount "43"]
[EventDate "2015.07.13"]
[EventType "swiss"]
[EventRounds "9"]
[EventCountry "ESP"]
[SourceTitle "EXT 2016"]
[Source "ChessBase"]
[SourceDate "2015.10.08"]
[SourceVersion "1"]
[SourceVersionDate "2015.10.08"]
[SourceQuality "1"]

1. d4 d5 2. c4 b6 3. Nc3 Nf6 4. Bf4 Ba6 5. Qa4+ c6 6. Bxb8 Qc8 7. cxd5 Rxb8 8. Rc1 b5 9. Qd1 cxd5 10. Nxd5 Qe6 11. Nc7+ Kd7 12. Nxe6 fxe6 13. e3 g6 14. Nf3 Bg7 15. Ne5+ Ke8 16. Rc6 Bb7 17. Rxe6 Rd8 18. Bxb5+ Nd7 19. Nxd7 Bc8 20. Nc5+ Kf8 21. Qf3+ Bf6 22. Rxf6+ 1-0

[Event "Barcelona Sant Marti op-B 17th"]
[Site "Barcelona"]
[Date "2015.07.16"]
[Round "4"]
[White "Ortega Farrus, Alfonso"]
[Black "Martimpe Burgues, Xavier"]
[Result "1-0"]
[WhiteElo "1704"]
[BlackElo "1611"]
[PlyCount "61"]
[EventDate "2015.07.13"]
[EventType "swiss"]
[EventRounds "9"]
[EventCountry "ESP"]
[SourceTitle "EXT 2016"]
[Source "ChessBase"]
[SourceDate "2015.10.08"]
[SourceVersion "1"]
[SourceVersionDate "2015.10.08"]
[SourceQuality "1"]

1. c4 e5 2. Nc3 Nf6 3. d3 Bb4 4. e4 Nc6 5. g3 d6 6. Bg2 0-0 7. Nge2 Bg4 8. 0-0 Bxc3 9. bxc3 h6 10. Rb1 b6 11. Re1 Qd7 12. Bd2 Bh3 13. Bh1 Nh7 14. Qa4 Ng5 15. d4 Qg4 16. Bxg5 Nd8 17. Bxd8 Rfxd8 18. Qc2 h5 19. Qd2 h4 20. Qe3 Rf8 21. Qf3 Qg5 22. Qe3 Qg4 23. dxe5 dxe5 24. Rbd1 f5 25. exf5 Rxf5 26. Bxa8 Qg6 27. Be4 hxg3 28. Nxg3 c5 29. Bxf5 Bxf5 30. Qxe5 Bh3 31. Qe8+ 1-0

[Event "Barcelona Sant Marti op-B 17th"]
[Site "Barcelona"]
[Date "2015.07.13"]
[Round "1"]
[White "Alquezar Calpena, Marc"]
[Black "Martimpe Burgues, Xavier"]
[Result "1-0"]
[WhiteElo "1907"]
[BlackElo "1611"]
[PlyCount "39"]
[EventDate "2015.07.13"]
[EventType "swiss"]
[EventRounds "9"]
[EventCountry "ESP"]
[SourceTitle "EXT 2016"]
[Source "ChessBase"]
[SourceDate "2015.10.08"]
[SourceVersion "1"]
[SourceVersionDate "2015.10.08"]
[SourceQuality "1"]

1. e4 e5 2. Nf3 Nc6 3. Bb5 Nf6 4. 0-0 Bd6 5. c3 0-0 6. d4 Qe7 7. Re1 a6 8. Ba4 b5 9. Bc2 h6 10. Nh4 exd4 11. Nf5 Qe5 12. f4 Qc5 13. cxd4 Qb6 14. e5 Bb4 15. exf6 Bxe1 16. Nxh6+ Kh8 17. fxg7+ Kxg7 18. Qg4+ Kh8 19. Nf5 Rg8 20. Qh5# 1-0

[Event "Barcelona Sant Marti op-B 4th"]
[Site "Barcelona"]
[Date "2015.02.05"]
[Round "4"]
[White "Martimpe Burgues, Xavier"]
[Black "Febrero Perez, Lluis"]
[Result "0-1"]
[WhiteElo "1700"]
[BlackElo "1781"]
[PlyCount "54"]
[EventDate "2015.01.15"]
[EventType "swiss"]
[EventRounds "9"]
[EventCountry "ESP"]
[SourceTitle "EXT 2016"]
[Source "ChessBase"]
[SourceDate "2015.10.08"]
[SourceVersion "1"]
[SourceVersionDate "2015.10.08"]
[SourceQuality "1"]

1. e4 e5 2. Nf3 Nc6 3. Bc4 Be7 4. 0-0 Nf6 5. Nc3 0-0 6. d4 exd4 7. Nxd4 Nxd4 8. Qxd4 d6 9. h3 Be6 10. Bd3 Re8 11. Bf4 Nd7 12. Nd5 Bxd5 13. exd5 Bf6 14. Qb4 Nc5 15. Bb5 Re4 16. Qd2 Bxb2 17. Rab1 Qf6 18. Bg5 Qe5 19. Bd3 Bc3 20. Qc1 Nxd3 21. cxd3 Rb4 22. Bf4 Rxf4 23. g3 Rf3 24. Rb3 Bd4 25. Qd2 Qxg3+ 26. Kh1 Qxh3+ 27. Kg1 Rg3# 0-1

[Event "Barcelona Sant Marti op-B 16th"]
[Site "Barcelona"]
[Date "2014.07.20"]
[Round "8"]
[White "Orts Gonzalez, Rafael"]
[Black "Martimpe Burgues, Xavier"]
[Result "0-1"]
[WhiteElo "1700"]
[BlackElo "1700"]
[PlyCount "94"]
[EventDate "2014.07.13"]
[EventType "swiss"]
[EventRounds "9"]
[EventCountry "ESP"]
[SourceTitle "CBM 161 Extra"]
[Source "ChessBase"]
[SourceDate "2014.08.29"]
[SourceVersion "1"]
[SourceVersionDate "2014.08.29"]
[SourceQuality "1"]

1. b3 e5 2. Bb2 d6 3. e4 Nf6 4. d3 Nc6 5. Nc3 Be6 6. Be2 Be7 7. Nf3 h6 8. Nh4 Nxe4 9. dxe4 Bxh4 10. 0-0 Qg5 11. Bf3 Qg6 12. Nd5 Rc8 13. Bh5 Qxe4 14. Bf3 Qg6 15. Re1 Bh3 16. Re4 Bf6 17. g3 0-0 18. Nc3 Nd4 19. Bg4 Bxg4 20. Rxg4 Qxc2 21. Qxc2 Nxc2 22. Rc1 Nd4 23. Nd5 Ne2+ 24. Kf1 Nxc1 25. Nxf6+ Kh8 26. Nd7 Rfd8 27. Nxe5 dxe5 28. Bxe5 f6 29. Ba1 Rd2 30. Rf4 Rxa2 31. Bd4 a5 32. Be3 Rd8 33. Bd4 Ne2 34. Rxf6 Rxd4 35. Re6 Rdd2 36. Re8+ Kh7 37. Rb8 b6 38. Rb7 h5 39. Rxc7 h4 40. Kg2 hxg3 41. hxg3 Nd4 42. Rd7 Rxf2+ 43. Kh3 Nf5 44. Rd3 Kh6 45. Kg4 a4 46. Rd5 Ne3+ 47. Kh3 Nxd5 0-1

[Event "Barcelona Sant Marti op-B 16th"]
[Site "Barcelona"]
[Date "2014.07.19"]
[Round "7"]
[White "Martimpe Burgues, Xavier"]
[Black "Avila Lopez, Joan"]
[Result "1-0"]
[WhiteElo "1700"]
[BlackElo "1704"]
[PlyCount "91"]
[EventDate "2014.07.13"]
[EventType "swiss"]
[EventRounds "9"]
[EventCountry "ESP"]
[SourceTitle "CBM 161 Extra"]
[Source "ChessBase"]
[SourceDate "2014.08.29"]
[SourceVersion "1"]
[SourceVersionDate "2014.08.29"]
[SourceQuality "1"]

1. e4 e5 2. Nf3 Nc6 3. Bb5 a6 4. Bxc6 dxc6 5. Nxe5 Qd4 6. Nf3 Qxe4+ 7. Kf1 Bd6 8. Qe1 Qxe1+ 9. Kxe1 Nf6 10. d3 0-0 11. h3 b6 12. Bg5 Be7 13. Nbd2 Bb7 14. Kd1 h6 15. Bf4 Nd5 16. Be3 Nxe3+ 17. fxe3 c5 18. e4 Rfe8 19. Nc4 Bf6 20. c3 Rad8 21. Kc2 Bxe4 22. dxe4 Rxe4 23. Ncd2 Re2 24. g4 Bg5 25. Rad1 Bf4 26. Rhe1 Rf2 27. Rf1 Re2 28. Rfe1 Rg2 29. Rg1 Rf2 30. Rgf1 Be3 31. Rxf2 Bxf2 32. Ne4 Rxd1 33. Kxd1 Be3 34. Ne5 g5 35. Ke2 Bc1 36. b3 Bb2 37. Kd3 Kg7 38. Kc2 Ba3 39. Nc4 f5 40. gxf5 h5 41. Nxa3 g4 42. hxg4 h4 43. Nf2 a5 44. Kd2 c6 45. Nc4 b5 46. Nxa5 1-0

[Event "Foment Martinenc op-C 16th"]
[Site "Barcelona"]
[Date "2014.05.17"]
[Round "4"]
[White "Martimpe Burgues, Xavier"]
[Black "Padin Jimenez, Oriol"]
[Result "1-0"]
[WhiteElo "1700"]
[BlackElo "1725"]
[PlyCount "123"]
[EventDate "2014.04.26"]
[EventType "swiss"]
[EventRounds "9"]
[EventCountry "ESP"]
[SourceTitle "EXT 2015"]
[Source "ChessBase"]
[SourceDate "2014.11.20"]
[SourceVersion "1"]
[SourceVersionDate "2014.11.20"]
[SourceQuality "1"]

1. e4 e5 2. Nf3 Nc6 3. Bb5 Nf6 4. Bxc6 dxc6 5. d3 Bc5 6. h3 h6 7. Nxe5 0-0 8. Be3 Bd6 9. d4 Bxe5 10. dxe5 Qxd1+ 11. Kxd1 Nxe4 12. f3 Ng3 13. Re1 Bf5 14. Bf4 Rad8+ 15. Kc1 Nh5 16. Be3 Rd7 17. g4 Rfd8 18. gxf5 Ng3 19. f6 Kh7 20. Nc3 g5 21. b3 Kg6 22. Rg1 Nf5 23. Bxa7 Kh5 24. Bf2 Rd2 25. Be1 Rh2 26. Ne4 Rxh3 27. Rf1 Ne3 28. Rg1 Rxf3 29. Ba5 b6 30. Bc3 Kg6 31. Kb2 Kf5 32. Nd2 Rf2 33. Raf1 Rxf1 34. Nxf1 Nxf1 35. Rxf1+ Ke4 36. a4 h5 37. Rg1 g4 38. Rh1 Rh8 39. b4 h4 40. e6 h3 41. e7 Kf3 42. Be5 Kg2 43. Rd1 h2 44. Rd2+ Kg1 45. Bxh2+ Rxh2 46. Rxh2 Kxh2 47. e8Q g3 48. Qxc6 g2 49. Qxc7+ Kh1 50. Qxb6 Kh2 51. Qf2 Kh1 52. a5 g1Q 53. Qxg1+ Kxg1 54. a6 Kf2 55. a7 Kf3 56. a8Q+ Kf4 57. Qd5 Kg4 58. Qe4+ Kg5 59. Qe5+ Kg6 60. b5 Kh7 61. Qg5 Kh8 62. Qg7# 1-0